000 00973cam a22002771 4500
001 sa 67003093
003 DLC
005 20260227112335.0
008 861113s1965 ii r 000 0 eng
010 _asa 67003093
025 _aPL480:I-E-6354
035 _a(OCoLC)14706110
040 _aDLC
_cWaU
_dOCoLC
_dDLC
042 _apremarc
050 0 0 _aHD9705.I42
_bA52 1965
110 1 _aIndia.
_bDirectorate General of Technical Development.
245 1 0 _aImport policy for actual users for machinery and equipment.
250 _a2d ed. (as on 15-2-1965)
260 _aDelhi,
_bManager of Publications,
_c1965.
300 _aviii, 281 p.
_c25 cm.
500 _aFirst ed. issued by the Development Wing, Govt. of India.
650 0 _aMachinery industry
_zIndia
_vDirectories.
650 0 _aMachinery industry
_zIndia.
650 0 _aImport quotas
_zIndia.
710 1 _aIndia (Republic).
_bDevelopment Wing.
_tImport policy for actual users for machinery and equipment.
999 _c73620
_d73620